Macmillan reading express / (Record no. 16767)

000 -LEADER
fixed length control field 01017cam a2200349Ia 4500
020 ## - INTERNATIONAL STANDARD BOOK NUMBER
ISBN 0021707006 (v. 1)
020 ## - INTERNATIONAL STANDARD BOOK NUMBER
ISBN 002160150X (v. 2)
020 ## - INTERNATIONAL STANDARD BOOK NUMBER
ISBN 0021601607 (v. 3)
020 ## - INTERNATIONAL STANDARD BOOK NUMBER
ISBN 0021601704 (v. 4)
020 ## - INTERNATIONAL STANDARD BOOK NUMBER
ISBN 0021601801 (v. 5)
020 ## - INTERNATIONAL STANDARD BOOK NUMBER
ISBN 0021601909 (v. 6)
020 ## - INTERNATIONAL STANDARD BOOK NUMBER
ISBN 0021608008 (v. 7)
020 ## - INTERNATIONAL STANDARD BOOK NUMBER
ISBN 0021608105 (v. 8)
020 ## - INTERNATIONAL STANDARD BOOK NUMBER
ISBN 002160200X (v. 9)
020 ## - INTERNATIONAL STANDARD BOOK NUMBER
ISBN 0021602107 (v. 10)
020 ## - INTERNATIONAL STANDARD BOOK NUMBER
ISBN 0021602204 (v. 11)
020 ## - INTERNATIONAL STANDARD BOOK NUMBER
ISBN 0021729107 (v. 12)
020 ## - INTERNATIONAL STANDARD BOOK NUMBER
ISBN 0021729204 (v. 13)
040 ## - CATALOGING SOURCE
Transcribing agency IAF
082 ## - DEWEY DECIMAL CLASSIFICATION NUMBER
Classification number 372 MAC 1980 A108 Or.
100 1# - MAIN ENTRY--AUTHOR NAME
Personal name Arnold, Virginia A.
245 10 - TITLE STATEMENT
Title Macmillan reading express /
250 ## - EDITION STATEMENT
Edition statement Teacher's ed.
260 ## - PUBLICATION, DISTRIBUTION, ETC. (IMPRINT)
Place of publication New York :
Name of publisher Macmillan,
Year of publication 1986-88.
300 ## - PHYSICAL DESCRIPTION
Number of Pages 15 v. :
Other physical details ill. ;
Dimensions 29 cm. +
Accompanying material workbooks, tests, and supplemental materials.
500 ## - GENERAL NOTE
General note Includes indexes.
650 #0 - SUBJECT ADDED ENTRY--TOPICAL TERM
Topical Term Reading (Elementary)
650 #0 - SUBJECT ADDED ENTRY--TOPICAL TERM
Topical Term Readers (Elementary)
700 1# - ADDED ENTRY--PERSONAL NAME
Personal name Smith, Carl Bernard.
710 2# - ADDED ENTRY--CORPORATE NAME
Corporate name or jurisdiction name as entry element Macmillan Publishing Company.
942 ## - ADDED ENTRY ELEMENTS (KOHA)
Koha item type សៀវភៅភាសាអង់គ្លេស
952 ## - LOCATION AND ITEM INFORMATION (KOHA)
Withdrawn status [LOCAL, KOHA] 0
Holdings
Permanent Location Date acquired Koha item type Lost status Shelving location Barcode Current Location Full call number
Library Block A2018-04-25សៀវភៅភាសាអង់គ្លេស A108A20138Library Block A372 MAC 1980 A108 Or.
មជ្ឈមណ្ឌលឯការនៃសាកលវិទ្យាល័យភូមិន្ទកសិកម្មចំការដូង

Powered by Koha